Do you know the lyrics XVII Quiz Stats

 Plays Quiz not verified by Sporcle

Score 0/300 Timer 09:00
0 Plays Today
Lyric % Correct
I
94.6%
I
94.6%
I
94.6%
I
94.6%
I
94.6%
I
94.6%
I
94.6%
I
94.6%
I
94.6%
I
94.6%
I
94.6%
I
94.6%
I
94.6%
I
94.6%
I
94.6%
I
94.6%
I
94.6%
I
94.6%
I
94.6%
I
94.6%
I
94.6%
I
94.6%
I
94.6%
I
94.6%
I
94.6%
I
94.6%
the
88.1%
the
88.1%
the
88.1%
you
88.1%
you
88.1%
the
88.1%
the
88.1%
the
88.1%
the
88.1%
you
88.1%
you
88.1%
you
88.1%
you
88.1%
you
88.1%
love
82%
love
82%
love
82%
love
82%
love
82%
love
82%
love
82%
love
82%
love
82%
love
82%
love
82%
love
82%
love
82%
And
79.2%
And
79.2%
and
79.2%
And
79.2%
And
79.2%
to
76.5%
to
76.5%
it.
75.5%
it
75.5%
it,
75.5%
it,
75.5%
it,
75.5%
it,
75.5%
it.
75.5%
it
75.5%
it,
75.5%
it,
75.5%
it,
75.5%
it,
75.5%
it,
75.5%
it,
75.5%
it,
75.5%
it,
75.5%
it.
75.5%
it
75.5%
me,
74.2%
me,
74.2%
me,
74.2%
me,
74.2%
me,
74.2%
me,
74.2%
me,
74.2%
me,
74.2%
me,
74.2%
me,
74.2%
me,
74.2%
me,
74.2%
me,
74.2%
be
73.6%
be
73.6%
be
73.6%
be
73.6%
be
73.6%
be
73.6%
be
73.6%
be
73.6%
We
73.2%
Lyric % Correct
we
73.2%
We
73.2%
we
73.2%
We
73.2%
we
73.2%
my
70.7%
my
70.7%
my
70.7%
my
70.7%
my
70.7%
my
70.7%
my
70.7%
when
70.2%
when
70.2%
when
70.2%
when
70.2%
when
70.2%
when
70.2%
when
70.2%
when
70.2%
is
69.2%
is
69.2%
no
66.3%
no
66.3%
no
66.3%
of
65.4%
of
65.4%
of
65.4%
of
65.4%
in
65.4%
I'm
65.2%
I'm
65.2%
I'm
65.2%
I'm
65.2%
I'm
65.2%
I'm
65.2%
I'm
65.2%
know
64.4%
know,
64.4%
know
64.4%
know
64.4%
know
64.4%
know,
64.4%
know
64.4%
can't
63.5%
go
63.5%
can't
63.5%
can't
63.5%
can't
63.5%
go
63.5%
can't
63.5%
can't
63.5%
can't
63.5%
can't
63.5%
can't
63.5%
go
63.5%
can't
63.5%
Don't
63.3%
Don't
63.3%
Don't
63.3%
Don't
63.3%
Don't
63.3%
Don't
63.3%
with
62.1%
with
62.1%
with
62.1%
with
62.1%
with
62.1%
with
62.1%
with
62.1%
She
61.8%
She
61.8%
She
61.8%
She
61.8%
She
61.8%
She
61.8%
She
61.8%
She
61.8%
She
61.8%
But
61.6%
But
61.6%
but
61.6%
But
61.6%
but
61.6%
But
61.6%
but
61.6%
But
61.6%
but
61.6%
But
61.6%
but
61.6%
But
61.6%
but
61.6%
feel
54.5%
feel
54.5%
feel
54.5%
feel
54.5%
feel
54.5%
feel
54.5%
feel
54.5%
This
53.9%
Lyric % Correct
this
53.9%
at
52.2%
at
52.2%
at
52.2%
best
52%
best
52%
oh
51.4%
oh
51.4%
oh
51.4%
oh
51.4%
oh
51.4%
oh
51.4%
always
49.7%
always
49.7%
get
49.5%
get
49.5%
face
49.1%
face
49.1%
face
49.1%
face
49.1%
face
49.1%
face
49.1%
face
49.1%
yeah
48.2%
You'll
47.6%
You'll
47.6%
You'll
47.6%
never
46.8%
never
46.8%
never
46.8%
we'll
46.7%
we'll
46.7%
we'll
46.7%
she'll
46.1%
she'll
46.1%
she'll
46.1%
she'll
46.1%
come
45.3%
come
45.3%
death
44.9%
death
44.9%
we're
44.9%
more.
43.2%
more.
43.2%
more.
43.2%
yet
42.8%
yet
42.8%
about
42.4%
about
42.4%
about
42.4%
worry
41.7%
worry
41.7%
without
41.7%
worry
41.7%
worry
41.7%
without
41.7%
worry
41.7%
worry
41.7%
without
41.7%
All
41.3%
least
40.9%
least
40.9%
least
40.9%
worst
40.3%
worst
40.3%
told
39.2%
told
39.2%
told
39.2%
told
39.2%
told
39.2%
told
39.2%
told
39.2%
told
39.2%
told
39.2%
both
37.7%
both
37.7%
both
37.7%
both
37.7%
both
37.7%
both
37.7%
forever
36.3%
alone.
36.1%
alone.
36.1%
alone.
36.1%
Yes,
34.6%
yes,
34.6%
stay
33.7%
young
33.1%
was
31.9%
beautiful
30.2%
numb
27.3%
numb
27.3%
knew
27%
knew
27%
knew
27%
girl,
25%
deep
19.9%
misery
15.7%
necessary
14.3%
Whoa
4.8%

You're not logged in!

Compare scores with friends on all Sporcle quizzes.
OR
Log In

Show Comments

Extras

Top Quizzes Today


Score Distribution

Your Account Isn't Verified!

In order to create a playlist on Sporcle, you need to verify the email address you used during registration. Go to your Sporcle Settings to finish the process.

Report this User

Report this user for behavior that violates our Community Guidelines.

Details: